CFO AS BUSINESS INTEGRATOR (Record no. 20764)

MARC details
000 -LEADER
fixed length control field 00339nam a2200133Ia 4500
008 - FIXED-LENGTH DATA ELEMENTS--GENERAL INFORMATION
fixed length control field 240624s9999 xx 000 0 und d
041 ## - LANGUAGE CODE
Language code of text/sound track or separate title eng
082 ## - DEWEY DECIMAL CLASSIFICATION NUMBER
Classification number 658.15 REA
100 ## - MAIN ENTRY--PERSONAL NAME
Personal name READ CEDRIC
245 ## - TITLE STATEMENT
Title CFO AS BUSINESS INTEGRATOR
260 ## - PUBLICATION, DISTRIBUTION, ETC.
Date of publication, distribution, etc. 2003
Place of publication, distribution, etc. New York
Name of publisher, distributor, etc. John WIley & Sons
300 ## - PHYSICAL DESCRIPTION
Extent xi, : 370 : p. : cm. ; 24
365 ## - TRADE PRICE
Currency code
Price amount 27
Holdings
Withdrawn status Lost status Damaged status Not for loan Home library Current library Shelving location Date acquired Source of acquisition Cost, normal purchase price Full call number Barcode Date last seen Copy number Price effective from Koha item type
        IMTN IMTN Rack 24-A 12/14/2012 TB 65.00 658.15 REA 20764 06/24/2024 57.5 06/24/2024 Books
Designed & Maintained by: LRC IMT Nagpur Contact: lrc@imtnag.ac.in© 2024. All Rights Reserved.